| 000 | 00563nam a22002177a 4500 | ||
|---|---|---|---|
| 003 | Nust | ||
| 005 | 20211125104844.0 | ||
| 008 | 170109b xxu||||| |||| 00| 0 eng d | ||
| 020 | _a0073211141 | ||
| 038 | _aKhadija | ||
| 040 | _cC | ||
| 082 |
_a658.4032 _bHIL |
||
| 100 |
_aHillier, Frederick S. _985093 |
||
| 245 |
_aIntroduction to Operations Research and Revised / _cFrederick F. Hillier, Gerald J. Lieberman |
||
| 250 | _a8th | ||
| 260 |
_aNew York _bMcGraw-Hill _c2005. |
||
| 300 | _a1061 | ||
| 500 | _aHardcover. | ||
| 563 | _aHB | ||
| 942 |
_cBK _2ddc |
||
| 999 |
_c31730 _d31730 |
||